1177 1565 1944 1745 1541 1919 1172 1514 1117 1327 1698 1183 1736 1139 1194 1636 1081 1875 1459 1122 1822 1361 1148 1833 1484 1353 1932 1822 1380 1758 1916 1946 1595 1021 1441 1053 1185 1256 1289 1600 1249 1954 1490 1850 1736 1443 1000 1648 1209 1649 1813 1912 1116 1331 1258 1177 1884 1690 1907 1243 1146 1293 1074 1743 1610 1934 1094 1420 1013 1616 1682 1780 1925 1940 1007 1473 1868 1301 1708 1226 1437 1740 1004 1742 1911 1290 1151 1158 1538 1907 1280 1700 1147 1090 1046 1171 1476 1013 1071 BCNSPRNW ULIB Ver.6.0+V

เปลี่ยนเป็นภาษาไทย

Change to English
 แสดงรายละเอียดบรรณานุกรม
  กลับหน้าหลัก

Brief Record : Get Marc (ISO 2709) : E-mail record : QR code < ปิดหน้าต่าง
LEADER : 00000nam 2200000uu 4500
001    13399120841
003     ULIB
008    121019/2552||||th 000 0 tha d
020    ^a9786169020004
050  4 ^aBQ4570^bว111ป 2552
100 0  ^aว. วชิรเมธี
245 10 ^aเปลี่ยนเคราะห์ให้เป็นโชค เปลี่ยนโรคให้เป็นครู /^cว. วชิรเมธี
260    ^aกรุงเทพฯ :^bปราณ,^c2552
300    ^a122 หน้า :^bภาพประกอบสี
650  4 ^aธรรมะกับชีวิตประจำวัน
945    ^p85^l0^i17693
995    ^aกัณชพร
999 ^a ใช้งานได้ทุกระบบ
รายการนี้ยังไม่มีแท็ก
คุณยังไม่ได้ล็อกอิน คุณสามารถมีกิจกรรมร่วมกับเว็บไซต์ได้ แต่ต้องล็อกอินก่อน ::
  ล็อกอิน

รายการสื่อสารสนเทศ

ลำดับที่ ประเภท เลขเรียก/บาร์โค้ด สถานที่ สถานะ
1. นวนิยาย
นวนิยาย
BQ4570 ว111ป 2552  
  Barcode: 17693
ห้องสมุดวิทยาเขตสวรรค์ประชารักษ์
►หนังสือทั่วไป
บนชั้น

รายการใกล้เคียง
    ผู้แต่ง [ว. วชิรเมธี]

    หัวเรื่อง [ธรรมะกับชีวิตประจำวัน]

BibComment


ยังไม่เคยถูกคอมเมนท์

คอมเมนท์ทรัพยากรรายการนี้
  คอมเมนท์: เปลี่ยนเคราะห์ให..


 Copyright 2026. Bcnsprnw @Library